00789nam a2200229Ia 4500003000900000008004100009020001800050040001600068080001500084100002400099245008600123260003000209300001400239650002200253650003500275650004800310700002500358700002200383942000700405999001700412952013000429IN-BaIIA211028s9999 xx 000 0 eng d a0-444-51881-9 cIIA Library a523.7bMUL aLui, A. T. Y932376 0aMultiscale coupling of sun-earth processescA T Y Lui, Y Kamide and G Consolini aAmsterdambElsevierc2005 aix, 516p. aComplexity932377 aMagnetospheric substorms99793 aTurbulence multiscale space missions932378 aConsolini, G.932379 aKamide, Y.915319 cBK c17177d17177 00104070aBANbBANcGENd2009-02-02eANJ g499.00l0o523.7/ MULp18099r2021-11-05v499.00w2009-02-02yBKGRs. 499.00